Quizz madarah par ordre alphabétique - Statistiques

Statistiques générales
  • Ce quiz a été pris 12 fois
  • Le résultat moyen est 10 sur 26
Statistiques - réponses
Hint lettre Réponse % Correct
pays d'origine F france
100%
joueur preferé M messi
90%
continent dont il a peur d'y mettre les pied A asie
80%
fervent supporter B barcelone
80%
nom de famille qui veut dire cul dans une autre langue H haas
70%
ca princesse V victoria
70%
ami d'enfance passant par le fink L lucien
50%
hernandez X xavi
50%
ce dont il lui manque souvent C courage
40%
pays d'origine 2 R roumanie
40%
sa grosse .... laa ! T tete
40%
boisson a base yaourt Y yop
40%
pour lui c'est un innenvisageable D defaite
30%
expression ou phrase qu'il dit sans cesse J je sais pas
30%
nombre de relation Q quarante
30%
il es consomme de temps en temps Z zaza
30%
il a survecu a cet evenement tragique aux etats unis O ouragan
20%
il s'en sert qu'en cas de danger U uzi 45
20%
prenom du pere bouile W walter
20%
animal preferé E escargot
10%
pays d'enfance G gladbachland
10%
son réseau linkedin tourne autout de cette ville I istambul
10%
ville ou il est tomber amoureux K kinshasa
10%
ce dont il a peur N nain
10%
lieu ou il n'a plus ca place P paradis
10%
personnge serie preferer S suly
10%
Aucun quiz correspondant
Distribution des résultats
% des personnes avec chaque résultat
Percentile par nombre de réponses
Votre historique - résultats
Vous n’avez pas pris ce quiz